| 000 | 00532nam a22001937a 4500 | ||
|---|---|---|---|
| 003 | CEME | ||
| 005 | 20210628201626.0 | ||
| 008 | 210204b xxu||||| |||| 00| 0 eng d | ||
| 020 | _a81-203-2497-8 | ||
| 040 | _c. | ||
| 082 | _a621.382 TOM | ||
| 100 |
_aTomasi, Wayne _956067 |
||
| 245 | _aAdvanced electronic communications systems | ||
| 250 | _a6TH | ||
| 260 |
_aNEW DELHI _bPRENTICE HALL OF INDIA _c2004 |
||
| 300 | _aXIV,654P | ||
| 650 |
_aELECTRONIC COMMUNICATIONS SYSTEMS.COMMUNICATION SYSTEMS _956068 |
||
| 942 |
_cBK _2ddc |
||
| 999 |
_c566598 _d566598 |
||